000 01057nam a2200265Ia 4500
003 OSt
005 20221005104234.0
006 a|||||r|||| 00| 0
007 ta
008 221004b |||||||| |||| 00| 0 san d
020 _a9788171105595 (hbk)
_cINR 350.00
024 _a34389
037 _b437/1, 11/09/2017, Vidyanidhi Prakashan
_cTextual
040 _aCRL
_cCRL
_bsan
041 _2san
_asan
082 _aDelta2:864, 152Q7
100 _aशास्त्री, सोमदेव, संपा.
245 0 _aवेद-वेदान्त तथा वेदा› ज्योतिष
246 _aVeda-vedānta tathā vedā› jyotiṣha
260 _aदिल्ली
_bपरिमल पब्लिकेशन्स भारत
_c2017
300 _a250पृ0
_ccm.
650 _aज्योतिष शास्त्र
942 _hDelta2:864, 152Q7
_cTEXL
_2cc
999 _c1012106
_d1012106